Teorías contemporáneas de la inteligencia (Record no. 170901)
[ view plain ]
| 000 -CABECERA | |
|---|---|
| campo de control de longitud fija | 01910dab a2200253 ab4500 |
| 005 - FECHA Y HORA DE LA ÚLTIMA TRANSACCIÓN | |
| campo de control | 20240924070828.0 |
| 008 - ELEMENTOS DE LONGITUD FIJA--INFORMACIÓN GENERAL | |
| campo de control de longitud fija | 991125c2013 ag fr p o 000 0 spa d |
| 035 ## - NÚMERO DE CONTROL DEL SISTEMA | |
| Número de control de sistema | UPN01000198800 |
| 040 ## - FUENTE DE LA CATALOGACIÓN | |
| Centro catalogador/agencia de origen | MX-MxUPN |
| Lengua de catalogación | spa |
| Centro/agencia transcriptor | MX-MxUPN |
| Normas de descripción | aacr2 |
| 049 ## - COLECCIÓN | |
| Colección | ART-E |
| 100 1# - ASIENTO PRINCIPAL--NOMBRE PERSONAL | |
| Nombre de persona | Pérez, Edgardo Raúl |
| 9 (RLIN) | 44861 |
| 100 1# - ASIENTO PRINCIPAL--NOMBRE PERSONAL | |
| Nombre de persona | Medrano, Leonardo Adrián |
| 9 (RLIN) | 41436 |
| 245 10 - MENCIÓN DE TÍTULO | |
| Título | Teorías contemporáneas de la inteligencia |
| Resto del título | : una revisión crítica de la literatura |
| Medio | [recurso electrónico en línea] |
| 506 0# - NOTA DE RESTRICCIONES AL ACCESO | |
| Limitaciones de acceso | Acceso abierto. |
| 520 3# - NOTA DE RESUMEN, ETC. | |
| Sumario, etc. | En este artículo teórico se revisan sintéticamente algunas contribuciones relevantes en la historia de la teoría, investigación y medición de la inteligencia humana. En particular, se analizan con mayor profundidad cuatro modelos contemporáneos que han recibido mucha atención en la literatura: la teoría de las inteligencias múltiples (MI), la teoría de los tres estratos (CHC), la teoría de la inteligencia exitosa (SIT), y la teoría Verbal-Perceptual-Rotación de imágenes (VPR). Se discuten investigaciones empíricas que contrastaron las principales hipótesis de estas teorías. Puede concluirse que, en general, estos estudios suministran apoyo a una estructura jerárquica de la inteligencia, con un factor g subyacente y aptitudes de primer y segundo orden. Por la fortaleza de los métodos estadísticos utilizados así como el substrato neurobiológico y genético de sus constructos, la teoría VPR parece ser el marco conceptual más promisorio aunque requiere evidencia adicional. |
| 650 #4 - ASIENTO SECUNDARIO DE MATERIA - TERMINO TEMATICO | |
| Término de materia o nombre geográfico como elemento de entrada | Inteligencia |
| 9 (RLIN) | 939 |
| 650 #2 - ASIENTO SECUNDARIO DE MATERIA - TERMINO TEMATICO | |
| Término de materia o nombre geográfico como elemento de entrada | Análisis factorial |
| 9 (RLIN) | 6469 |
| 653 0# - TERMINO DE INDIZACION - NO CONTROLADO | |
| Término no controlado | TEORIAS DE LA INTELIGENCIA |
| 653 0# - TERMINO DE INDIZACION - NO CONTROLADO | |
| Término no controlado | PSICOBIOLOGIA |
| 773 ## - ENLACE AL DOCUMENTO FUENTE/ENTRADA DE REGISTRO ANFITRIÓN | |
| Parte(s) relacionada(s) | Vol. 5, no. 2, (2013), p. 105-118 |
| Título | Psiencia : revista latinoamericana de ciencia psicológica |
| 856 4# - LOCALIZACIÓN Y ACCESO ELECTRÓNICOS | |
| Identificador Uniforme del Recurso | <a href="https://dialnet.unirioja.es/servlet/articulo?codigo=4821185">https://dialnet.unirioja.es/servlet/articulo?codigo=4821185</a> |
| 905 ## - TIPO DE MATERIAL | |
| Tipo de material | Articulo |
| 942 ## - ELEMENTOS DE PUNTO DE ACCESO ADICIONAL (KOHA) | |
| Tipo de ítem Koha | Artículo Electrónico |
| Estado de retiro | Estado de pérdida | Estado dañado | No para préstamo | Código de colección | Localización permanente | Ubicación/localización actual | Ubicación en estantería | Fecha de adquisición | Fecha visto por última vez | Identificador Uniforme del Recurso | Tipo de ítem Koha |
|---|---|---|---|---|---|---|---|---|---|---|---|
| Acceso abierto | Bib. Gregorio Torres Quintero | Bib. Gregorio Torres Quintero | En línea | 13/06/2022 | 13/06/2022 | https://dialnet.unirioja.es/servlet/articulo?codigo=4821185 | Artículo Electrónico |
